Danh nhân các thời đại đạo tu thân

Uloženo v:
Podrobná bibliografie
Hlavní autor: Trí Tuệ
Médium: Kniha
Jazyk:Undetermined
Vydáno: Tp.Hồ Chí Minh Phương Đông 2005
Témata:
Tagy: Přidat tag
Žádné tagy, Buďte první, kdo otaguje tento záznam!
Thư viện lưu trữ: Trung tâm Học liệu Trường Đại học Cần Thơ
LEADER 00531nam a2200193Ia 4500
001 CTU_97282
008 210402s9999 xx 000 0 und d
020 |c 24000 
082 |a 158.1 
082 |b Tr300 
100 |a Trí Tuệ 
245 0 |a Danh nhân các thời đại đạo tu thân 
245 0 |c Trí Tuệ 
260 |a Tp.Hồ Chí Minh 
260 |b Phương Đông 
260 |c 2005 
650 |a Self-improvement 
904 |i Minh(Tuyen) 
980 |a Trung tâm Học liệu Trường Đại học Cần Thơ